000
00279nam a2200097Ia 4500
001
1165218
005
20250827011736.0
008
250824s9999 xx 000 0 und d
245
0
_a
MUTLULUĞU SENDE BULAN SENİNDİR ÖTESİ MİSAFİR
_c
HAKAN MENĞÜÇ
260
_b
DESTEK YAYINLARI
999
_c
1165218
_d
1165218